Para leer la Biblia

Uloženo v:
Podrobná bibliografie
Hlavní autor: Charpentier, Etienne (Autor)
Médium: Kniha
Jazyk:španělština
Vydáno: Pamplona Verbo Divino 1980
Vydání:4a. ed
Edice:Cuadernos Bíblicos, 1
Témata:
Tagy: Přidat tag
Žádné tagy, Buďte první, kdo vytvoří štítek k tomuto záznamu!

MARC

LEADER 00000nam a2200000 a 4500
001 UCL7694
003 CL-VaPUC
008 040528e19800000SP |||||||||||||||||spa|d
020 |a 8471511010 
082 0 4 |a 220.6  |b CHA  |2 21 
100 0 |a Charpentier, Etienne  |e author  |9 485551 
245 1 0 |a Para leer la Biblia 
250 |a 4a. ed 
300 |a 66 p 
942 |c BK 
945 |d 20040528 00:00:00  |a cmena 
260 |a Pamplona  |b Verbo Divino  |c 1980 
650 0 |a Textos sagrados   |9 257605 
650 0 |a Biblia  |9 257603 
583 |a last modification  |c 20130402 08:29:48  |k Rodrigo Vera 
490 0 |a Cuadernos Bíblicos, 1 
999 |c 309318  |d 309316 
952 |0 0  |1 2  |4 0  |6 220_600000000000000_CHA_1980  |7 0  |8 A  |9 376741  |a BIBTEO  |b BIBTEO  |d 2019-11-21  |i 2116782  |o 220.6 CHA 1980  |p 2116782  |r 2019-11-21  |w 2019-11-21  |x Descarte 2019  |y BK  |k ICR